000 01817cam a22004814i 4500
003 PE-LiUPU
005 20250731173035.0
008 150623s1971 sp rb 001 0 spa d
035 _a(Sirsi) a24004
040 _aPE-LiUPU
_bspa
_cPE-LiUPU
_erda
082 0 4 _a262.14
_bN53
_221
100 1 _aNicolau, Miguel,
_eautor.
130 _aMiguel Nicolau.
245 1 0 _aMinistros de Cristo :
_bsacerdocio y sacramento del orden /
_cMiguel Nicolau.
264 1 _aMadrid, España :
_bLa Editorial Católica,
_c1971.
300 _a486 páginas ;
_c20 centímetros.
336 _atext
_2rdacontent
337 _aunmediated
_2rdamedia
338 _avolume
_2rdacarrier
490 0 _aBiblioteca de Autores Cristianos, 322. Historia salutis. Monografias de Teología Dogmática
504 _aBibliografía al final de páginas.
504 _aÍndice: páginas 474-485.
505 0 _a"Misión" y "misnisterio" en la primera iglesia -- El sacerdocio en la reflexión teológica y en el magisterio de la iglesia -- Problemática moderna en torno al sacerdocio.
526 _aSEG42
526 _aSEG41
526 _aSEG40
526 _aSEG39
526 _aP94
526 _aP87
526 _aP86
526 _aP85
526 _aP77
526 _aP76
526 _aP35
650 0 4 _aSacerdotes.
650 0 4 _aOrden sacerdotal.
910 _bksl
_cksl
_d20190529
942 _2ddc
_cBOOK
949 _a262.14 N53
_wDEWEY
_c1
_i48161
_lCCODEBUL1
_mBUL
_p30.00
_r0
_sY
_tBOOK
_u2015-06-24
_xTEOLOGIA
_PP35
_0COMPRA
_o.STAFF. Colección General
596 _a1
999 _a262.14 N53
_wDEWEY
_c25703
_i48161
_d25703
_f2021-11-10
_g6
_lCCODEBUL1
_mBUL
_p30.00
_q1
_r0
_sY
_tBOOK
_u2015-6-24
_xTEOLOGIA
_PP35
_0COMPRA
_o.STAFF. Colección Teología
980 _81
_gALBERTO SANCHEZ Responsable de Automatización